000 00381nam a2200133Ia 4500
008 231129s9999||||xx |||||||||||||| ||spa||
020 _a958-14-0130-X
040 _bspa
082 _a371.1861 P258m
100 _aParra Sandoval Rodrigo
245 0 _aLos maestros colombianos
264 _aBogotá Colombia: Plaza y Janes
942 _2ddc
_cBKS
999 _c19802
_d19802